[Event "Imperia Savona Province-ch"]
[Site "Alassio"]
[Date "2016.01.17"]
[Round "4"]
[White "Cardino, Guido"]
[Black "Camerino, Simone"]
[Result "0-1"]
[WhiteElo "1609"]
[BlackElo "1580"]
[PlyCount "78"]
[EventDate "2016.01.15"]
[EventType "swiss"]
[EventRounds "5"]
[EventCountry "ITA"]
[SourceTitle "EXT 2018"]
[Source "ChessBase"]
[SourceDate "2017.10.13"]
[SourceVersion "1"]
[SourceVersionDate "2017.10.13"]
[SourceQuality "1"]

1. d4 d5 2. c4 c6 3. Nf3 Nf6 4. Nc3 e6 5. Bg5 Be7 6. e3 a5 7. c5 b6 8. Bxf6 Bxf6 9. Na4 bxc5 10. Nxc5 0-0 11. Be2 Nd7 12. Nxd7 Bxd7 13. Rc1 a4 14. a3 Qa5+ 15. Qd2 Rfc8 16. Rc5 Qxd2+ 17. Kxd2 Rab8 18. Rb1 Be7 19. Rcc1 c5 20. dxc5 Rxc5 21. Rxc5 Bxc5 22. Kc2 Rc8 23. Kd1 Rb8 24. Kc1 f6 25. Ne1 e5 26. Nd3 Bd6 27. h3 Bf5 28. g4 Bg6 29. Ra1 d4 30. Ne1 Bc5 31. Nd3 Ba7 32. Kd2 Bxd3 33. Bxd3 Rxb2+ 34. Bc2 dxe3+ 35. fxe3 Bxe3+ 36. Kxe3 Rxc2 37. Ke4 Rh2 38. Kf5 Rxh3 39. Ke6 h6 0-1

[Event "Imperia Savona Province-ch"]
[Site "Alassio"]
[Date "2016.01.17"]
[Round "5"]
[White "Rossi Cassani, Gianni"]
[Black "Camerino, Simone"]
[Result "1-0"]
[WhiteElo "1811"]
[BlackElo "1580"]
[PlyCount "55"]
[EventDate "2016.01.15"]
[EventType "swiss"]
[EventRounds "5"]
[EventCountry "ITA"]
[SourceTitle "EXT 2018"]
[Source "ChessBase"]
[SourceDate "2017.10.13"]
[SourceVersion "1"]
[SourceVersionDate "2017.10.13"]
[SourceQuality "1"]

1. e4 e5 2. Nf3 Nf6 3. Nc3 d6 4. h3 Be7 5. d4 exd4 6. Qxd4 Nc6 7. Bb5 Bd7 8. Qd1 a6 9. Bd3 Nb4 10. Bc4 0-0 11. 0-0 Qc8 12. Bg5 Re8 13. e5 dxe5 14. Nxe5 Be6 15. Qe2 h6 16. Bf4 Rd8 17. Ng6 Bf8 18. Bxe6 fxe6 19. Ne4 Nbd5 20. Nxf6+ Nxf6 21. Rfe1 Kf7 22. Ne5+ Ke7 23. Rad1 Nd5 24. Qh5 Re8 25. Qf7+ Kd8 26. c4 c6 27. cxd5 cxd5 28. Rc1 1-0

[Event "Imperia Savona Province-ch"]
[Site "Alassio"]
[Date "2016.01.16"]
[Round "2"]
[White "Guido, Pierpaolo"]
[Black "Camerino, Simone"]
[Result "1-0"]
[WhiteElo "1440"]
[BlackElo "1580"]
[PlyCount "69"]
[EventDate "2016.01.15"]
[EventType "swiss"]
[EventRounds "5"]
[EventCountry "ITA"]
[SourceTitle "EXT 2018"]
[Source "ChessBase"]
[SourceDate "2017.10.13"]
[SourceVersion "1"]
[SourceVersionDate "2017.10.13"]
[SourceQuality "1"]

1. d4 Nf6 2. e3 g6 3. Bd3 Bg7 4. f4 b6 5. Nf3 Bb7 6. Qe2 0-0 7. Nbd2 d6 8. c3 Nbd7 9. Ng5 e6 10. Nde4 Re8 11. Nxf6+ Nxf6 12. Nf3 Ne4 13. Bd2 c5 14. Bc2 Rc8 15. 0-0-0 c4 16. Be1 b5 17. h4 h5 18. Ng5 Nf6 19. e4 Qb6 20. e5 Ng4 21. Be4 d5 22. Bf3 Nh6 23. g4 hxg4 24. Bxg4 a5 25. h5 b4 26. hxg6 fxg6 27. Bh3 bxc3 28. Bxc3 Rb8 29. Qc2 Nf5 30. Bxf5 gxf5 31. Qh2 Kf8 32. Qh5 Qc7 33. Bxa5 Qd7 34. Bb4+ Re7 35. Qf7# 1-0